Southville International School and Colleges
Your cart is empty.
  • Cart
  • Lists
    Public lists Eva Luna New books Lux_list list_1
    Your lists Log in to create your own lists
  • Log in to your account
  • Your cookies
  • Search history
Southville International School and Colleges
  • Advanced search
  • Recent comments
  • Most popular
  • Libraries

Log in to your account

Log in with GOOGLE


If you do not have an external account, but do have a local account, you can still log in:

  1. Home
  2. MARC view: Creating your digital design portfolio :
Normal view MARC view ISBD view

Creating your digital design portfolio : (Record no. 275899)

[ view plain ]
MARC details
000 -LEADER
fixed length control field 00932nam a2200217 a 4500
001 - CONTROL NUMBER
control field HSB007096
005 - DATE AND TIME OF LATEST TRANSACTION
control field 20140926144443.0
008 - FIXED-LENGTH DATA ELEMENTS--GENERAL INFORMATION
fixed length control field
020 ## - INTERNATIONAL STANDARD BOOK NUMBER
International Standard Book Number 9782888931065
050 ## - LIBRARY OF CONGRESS CALL NUMBER
Classification number NC 1001
Item number .C579 2010
100 ## - MAIN ENTRY--PERSONAL NAME
Personal name Clazie, Ian.
245 #0 - TITLE STATEMENT
Title Creating your digital design portfolio :
Statement of responsibility, etc Ian Clazie.
Remainder of title a practical guide to showcasing your work online /
260 ## - PUBLICATION, DISTRIBUTION, ETC. (IMPRINT)
Place of publication, distribution, etc Switzerland :
Date of publication, distribution, etc c2010.
Name of publisher, distributor, etc RotoVision,
300 ## - PHYSICAL DESCRIPTION
Extent 192 pages :
Other physical details colored illustrations ;
Dimensions 26 cm.
520 ## - SUMMARY, ETC.
Summary, etc This is a comprehensive manual. It equips designers and illustrators with all they need to know to build and present a digital portfolio that packs a punch and will stand out in today's competitive creative job market.
650 ## - SUBJECT ADDED ENTRY--TOPICAL TERM
Topical term or geographic name as entry element Art portfolios
General subdivision Design.
650 ## - SUBJECT ADDED ENTRY--TOPICAL TERM
Topical term or geographic name as entry element Design services
General subdivision Marketing.
650 ## - SUBJECT ADDED ENTRY--TOPICAL TERM
Topical term or geographic name as entry element Computer graphics.
650 ## - SUBJECT ADDED ENTRY--TOPICAL TERM
Topical term or geographic name as entry element Graphic arts
General subdivision Vocational guidance.
942 ## - ADDED ENTRY ELEMENTS (KOHA)
Source of classification or shelving scheme Library of Congress Classification
Koha item type Books
Call number prefix Foreign
Holdings
Withdrawn status Lost status Source of classification or shelving scheme Damaged status Home library Current library Shelving location Date acquired Source of acquisition Total Checkouts Total Renewals Full call number Barcode Date last seen Date checked out Price effective from Koha item type
    Library of Congress Classification   College Library College Library General Circulation Section 09/26/2014 Library Fund 2 6 NC 1001 .C579 2010 C18686 11/04/2019 10/28/2019 09/26/2014 Books

Creating your digital design portfolio :

APA

Clazie I., . (2010). Creating your digital design portfolio. Switzerland: RotoVision.

Chicago

Clazie Ian, . 2010. Creating your digital design portfolio. Switzerland: RotoVision.

Harvard

Clazie I., . (2010). Creating your digital design portfolio. Switzerland: RotoVision.

MLA

Clazie Ian, . Creating your digital design portfolio. Switzerland: RotoVision. 2010.

  • Place hold
  • Print
  • Cite
  • Add to your cart (remove)
  • Save record
    BIBTEX Dublin Core MARCXML MARC (non-Unicode/MARC-8) MARC (Unicode/UTF-8) MARC (Unicode/UTF-8, Standard) MODS (XML) RIS
  • More searches
    Search for this title in:
    Other Libraries (WorldCat) Other Databases (Google Scholar) Online Stores (Bookfinder.com) Open Library (openlibrary.org)

Exporting to Dublin Core...

SOUTHVILLE LIBRARY

Southville International School and Colleges Library

1281 Tropical Ave. Cor. Luxembourg St., BF Homes International, Las Pinas City

Tel. No. 8256374 / 252358 Loc. 117/146

Powered by Koha